| 000 | 00519nam a2200229Ia 4500 | ||
|---|---|---|---|
| 008 | 210210b1950 xxu||||| |||| 00| 0 eng d | ||
| 041 | _aeng | ||
| 082 | _a330/474 | ||
| 100 | _aWHYTE (L G) | ||
| 245 | _aPrinciples of finance and investment Vol I | ||
| 260 |
_aCambridge _bAt the University Press _c1950 |
||
| 440 | _a1 | ||
| 650 | _aVol | ||
| 650 | _aPrinciples | ||
| 650 | _aof | ||
| 650 | _ainvestment | ||
| 650 | _aI | ||
| 650 | _afinance | ||
| 650 | _aand | ||
| 690 | _aEconomics | ||
| 906 | _a003877 | ||
| 999 |
_c121468 _d121468 |
||